| 000 | 00485nam a22001577a 4500 | ||
|---|---|---|---|
| 999 |
_c15052 _d15052 |
||
| 003 | AR-CdUCM | ||
| 008 | 190425b ||||| |||| 00| 0 spa d | ||
| 040 |
_aMUNICIPALIDAD PROVINCIAL DEL CUSCO _cBIBLIOTECA MUNICIPAL DEL CUSCO |
||
| 082 |
_aC / 051.61 / _bSI616 |
||
| 245 |
_aSindicato : _bcongreso ordinario de FENTUP / |
||
| 260 |
_aCusco : _bUnsaac, _c1987. |
||
| 300 |
_a26 páginas ; _c21 cm. |
||
| 505 | _aVII congreso ordinario de FENTUP | ||
| 942 |
_2ddc _cFOLLETOS |
||
| 945 | _awfj | ||